00628nam a2200169Ia 4500008004100000100002700041245013300068245002700201260005900228260000900287300001100296650001800307650001500325856002600340999001900366952007300385170221s9999 xx 000 0 und d aFrancis Raymond Calbay aDeveloping Content for Migrants at Crossroads: Lessons Learned from Piloting an Online Community Portal for Overseas Filipinos  cFrancis Raymond Calbay bOnline Journal of Communication and Media Technologies c2013 a33 : 5 xCommunication xMedia Arts uhttp://www.ojcmt.net/ c311036d311036 001040aCLbCLd2017-02-21l0r2017-02-21 00:00:00w2017-02-21yFOJ